| Tag |
First Indicator |
Second Indicator |
Subfields |
| LEADER |
00000cam a2200000Ia 4500 |
| 001 |
in00002003016 |
| 005 |
20220105141746.0 |
| 006 |
m d |
| 007 |
cr cnu---unuuu |
| 008 |
040506s2002 enk sb 001 0 eng d |
| 020 |
|
|
|a 1417504625 (electronic bk.)
|
| 035 |
|
|
|a (OCoLC)ocm55088187
|
| 040 |
|
|
|a N$T
|c N$T
|d OCLCQ
|d UtOrBLW
|
| 049 |
|
|
|a IKMN
|
| 050 |
1 |
4 |
|a R726.8
|b .J685 2002eb
|
| 060 |
1 |
4 |
|a 2002 J-837
|
| 060 |
1 |
4 |
|a WB 310
|b J86 2002
|
| 082 |
0 |
4 |
|a 362.1/75
|2 22
|
| 245 |
0 |
0 |
|a Journeys into palliative care :
|b roots and reflections /
|c edited by Christina Mason.
|
| 264 |
|
1 |
|a London ;
|a Philadelphia :
|b Jessica Kingsley Publishers,
|c 2002.
|
| 300 |
|
|
|a 187 pages ;
|c 24 cm.
|
| 336 |
|
|
|a text
|b txt
|2 rdacontent
|
| 337 |
|
|
|a computer
|b c
|2 rdamedia
|
| 338 |
|
|
|a online resource
|b cr
|2 rdacarrier
|
| 504 |
|
|
|a Includes bibliographical references and indexes.
|
| 533 |
|
|
|a Electronic reproduction.
|b Boulder, Colo. :
|c NetLibrary,
|d 2004.
|n Available via World Wide Web.
|n Access may be limited to NetLibrary affiliated libraries.
|
| 500 |
|
|
|a Electronic resource.
|
| 650 |
|
0 |
|a Terminal care
|v Anecdotes.
|
| 650 |
|
0 |
|a Palliative treatment.
|0 http://id.loc.gov/authorities/subjects/sh90001135
|
| 650 |
|
0 |
|a Terminally ill.
|0 http://id.loc.gov/authorities/subjects/sh85134022
|
| 650 |
|
0 |
|a Reflections.
|0 http://id.loc.gov/authorities/subjects/sh85112209
|
| 650 |
1 |
2 |
|a Health Personnel.
|0 https://id.nlm.nih.gov/mesh/D006282
|
| 650 |
1 |
2 |
|a Palliative Care.
|0 https://id.nlm.nih.gov/mesh/D010166
|
| 655 |
|
2 |
|a Personal Narrative.
|0 https://id.nlm.nih.gov/mesh/D062210
|
| 655 |
|
7 |
|a Electronic books.
|2 local
|
| 700 |
1 |
|
|a Mason, Christina,
|d 1942-
|0 http://id.loc.gov/authorities/names/n2002133595
|
| 710 |
2 |
|
|a NetLibrary, Inc.
|0 http://id.loc.gov/authorities/names/no99080690
|
| 776 |
1 |
|
|c Original
|z 1843100304
|w (DLC) 2002016237
|w (OCoLC)49375716
|
| 856 |
4 |
1 |
|u https://proxy.library.tamu.edu/login?url=http://www.netLibrary.com/urlapi.asp?action=summary&v=1&bookid=108308
|z Connect to the full text of this electronic book
|t 0
|
| 994 |
|
|
|a 92
|b IKM
|
| 999 |
|
|
|a MARS
|
| 999 |
f |
f |
|s f4a5d495-2d1e-39da-98e8-143c98caddd2
|i 92c2782b-9cf1-3d7d-8800-213654d573fc
|t 0
|
| 952 |
f |
f |
|a Texas A&M University
|b College Station
|c Electronic Resources
|d Available Online
|t 0
|e R726.8 .J685 2002eb
|h Library of Congress classification
|
| 998 |
f |
f |
|a R726.8 .J685 2002eb
|t 0
|l Available Online
|